Score 0/8 Timer 03:00
1 Play Today
Fact Missing Word % Correct
Hamilton was shot and killed in a duel by _____ Burr in 1804.Aaron
97.1%
Alexander's mother died in 1768, leaving him an _____.Orphan
94.7%
He was made the first Secretary of the _____ in 1789.Treasury
88%
His life was made into a musical written by Lin-Manuel _____ that opened on Broadway in 2015.Miranda
85.4%
Alexander was born on the Caribbean island of Nevis, which is located in the region of the West _____.Indies
80.3%
Hamilton helped write 'The Federalist Papers' in support of the proposed US Constitution and a strong _____ government.National
71.8%
Hamilton joined a patriot militia after the Battle of _____ and Concord, the first engagement of the Revolutionary War.Lexington
60.9%
Alexander Hamilton's house, now known as the 'Hamilton Grange' or simply 'The Grange', is located in the Manhattan neighborhood of _____.Harlem
59.3%

Today's Daily Dose

Remove Ads.
Support Sporcle.
Get the best of Sporcle when you Go Orange. This ad-free experience offers more features, more stats, and more fun while also helping to support Sporcle. Thank you for becoming a member.

You're not logged in!

Compare scores with friends on all Sporcle quizzes.
OR
Log In

Show Comments

Extras

Top Quizzes Today


Score Distribution

Your Account Isn't Verified!

In order to create a playlist on Sporcle, you need to verify the email address you used during registration. Go to your Sporcle Settings to finish the process.

Report this User

Report this user for behavior that violates our Community Guidelines.

Details: